Cyclisme: Champions nationaux 2025 - Statistiques

Statistiques générales
  • Ce quiz a été pris 75 fois
  • Le résultat moyen est 12 sur 26
Statistiques - réponses
Hint Réponse % Correct
France Dorian Godon
84%
États-Unis Quinn Simmons
82%
Belgique Tim Wellens
75%
Colombie Egan Bernal
63%
Suisse Mauro Schmid
60%
Allemagne Georg Zimmermann
55%
Espagne Ivan Romeo
55%
Portugal Ivo Oliveira
55%
Kazakhstan Yevgeniy Fedorov
55%
Canada Derek Gee
54%
Pays-Bas Danny Van Poppel
52%
Équateur Jhonatan Narvaez
52%
Lettonie Toms Skujins
52%
République Tchèque Mathias Vacek
51%
Pologne Rafal Majka
51%
Grande-Bretagne Samuel Watson
51%
Australie Luke Durbridge
46%
Norvège Andreas Leknessund
43%
Danemark Soren Kragh Andersen
37%
Italie Filippo Conca
34%
Slovaquie Lukas Kubis
33%
Estonie Madis Mihkels
31%
Uruguay Guillermo Thomas Silva
27%
Irlande Rory Townsend
19%
Lituanie Aivaras Mikutis
9%
Luxembourg Arthur Kluckers
4%
Aucun quiz correspondant
Distribution des résultats
% des personnes avec chaque résultat
Percentile par nombre de réponses
Votre historique - résultats
Vous n’avez pas pris ce quiz